| 000 | 00875nam a2200265 a 4500 | ||
|---|---|---|---|
| 001 | 000007101 | ||
| 003 | DO-SdBNP | ||
| 005 | 20240305073655.0 | ||
| 007 | ta | ||
| 008 | 090904s2018 dr 000 0 spa d | ||
| 020 | _a9789945445220 | ||
| 040 |
_aDO-SdBNP _bspa _cBNPHU |
||
| 082 |
_axxx _bA168s |
||
| 100 | 1 |
_aRodríguez Demorizi, Emilio, _d1908-1986 _91039 |
|
| 110 | _4Academia Militar Batalla de las Carreras | ||
| 245 | 1 | 0 |
_aSesenta y dos aniversario : _borigen y evolución |
| 246 |
_a62 aniversario : _borigen y evolución |
||
| 260 |
_aSanto Domingo: _bAcademia Militar Batalla de las Carreras, _c2018 |
||
| 300 |
_a260 p. : _c30 cm. _bil., fotos |
||
| 590 | _aInventariado, 2022 / DG | ||
| 651 | 4 |
_aRepública Dominicana _xHistoria Militar _y1844-1861 _919714 |
|
| 651 | 4 |
_aRepública Dominicana _xHistoria _y1844-1861 _9931 |
|
| 910 | _aDG | ||
| 942 |
_2ddc _cLBS1 |
||
| 999 |
_c51716 _d51716 |
||